000 00310nam a22001337a 4500
008 170531b xxu||||| |||| 00| 0 eng d
020 _a043144040006
041 _aeng
080 _a94(7/8()
100 _a17
101 _aSHH
245 _aCOLUMBUS AND THE AGE OF DISCOVERY
_cNER.Z.D
942 _2udc
_cBK
999 _c15149
_d15149